000 00451nam a2200157 i 4500
001 102547
003 ES-MaACL
005 20230906183131.0
007 t|
008 051117s1959 sp ||||1| spa d
100 1 _aMerino, Joaquín.
_980518
245 1 0 _aLondres para turistas pobres /
_cJoaquín Merino.
260 _aZaragoza :
_b[s.n.],
_c1959 (
_fImp. Heraldo de Aragón)
300 _a217 p. ;
_c22 cm.
852 _aES-MaACL
_jC-16562
_bR.44750
999 _c102547
_d102547